00882nam a2200181 i 4500001000700000003000700007005001700014008004100031100003900072245013900111260006900250300006300319610003700382710003400419852010500453999001900558952012300577188052SpMaBN20230906223109.0180420s1927 sp bf |||| | spa d1 aRamón y Arrufat, Antonio.99522513aLa Orden Benedictina b: (resumen histórico) / cDom Antonio Ramón Arrufat ; traducido del catalán por Dom Gerardo M.ª Salvany. aMontserrat : b[Monasterio de Ntra. Sra. de Montserrat], c1927. a346 p., [27] h. de lám., [1] h. pleg. de mapa ; c19 cm.24aBenedictinos-vHistoria.91620362 aAbadía de Montserrat.91133 aES-MaACLjL-31932 z- Enc. cart. z. - Donat. herederos de la bibl. de Mª del Pilar Costa Palacín c188052d188052 00104070aATENEOMbATENEOMcDEPO2d2018-04-20eDONl0oL-31932p1198741r2023-02-23 00:00:00w2023-02-23yMONOGRAFIA